[Event "Munich-ch VM2"]
[Site "Munich"]
[Date "2003.02.16"]
[Round "9"]
[White "Frankl, Bernhard"]
[Black "Azimi, Reza"]
[Result "0-1"]
[WhiteElo "2022"]
[BlackElo "1980"]
[PlyCount "62"]
[EventDate "2003.01.17"]
[EventType "tourn"]
[EventRounds "9"]
[EventCountry "GER"]
[SourceTitle "EXT 2006"]
[Source "ChessBase"]
[SourceDate "2005.11.24"]
[SourceVersion "1"]
[SourceVersionDate "2005.11.24"]
[SourceQuality "1"]

1. e4 c5 2. d4 cxd4 3. c3 dxc3 4. Nxc3 Nc6 5. Nf3 e6 6. Bc4 Qc7 7. 0-0 Nf6 8. Qe2 Ng4 9. Be3 a6 10. a4 b6 11. Rac1 Bc5 12. Bxc5 bxc5 13. g3 0-0 14. Ba2 Rb8 15. Rfd1 Nb4 16. Bb1 Bb7 17. Ng5 Nh6 18. e5 g6 19. Nce4 Qxe5 20. Rxc5 Nd5 21. f4 Qg7 22. Nd6 Bc6 23. Rd2 Bxa4 24. Ra5 Nc3 25. Qe1 Nxb1 26. Qxb1 Bc6 27. Nge4 Rb4 28. Nc3 Qxc3 29. Qxg6+ hxg6 30. bxc3 Rb1+ 31. Kf2 Ng4+ 0-1

[Event "Munich-ch VM2"]
[Site "Munich"]
[Date "2003.02.01"]
[Round "5"]
[White "Monninger, Moritz Franz"]
[Black "Frankl, Bernhard"]
[Result "1/2-1/2"]
[WhiteElo "1906"]
[BlackElo "2022"]
[PlyCount "96"]
[EventDate "2003.01.17"]
[EventType "tourn"]
[EventRounds "9"]
[EventCountry "GER"]
[SourceTitle "EXT 2006"]
[Source "ChessBase"]
[SourceDate "2005.11.24"]
[SourceVersion "1"]
[SourceVersionDate "2005.11.24"]
[SourceQuality "1"]

1. d4 Nf6 2. Bg5 Ne4 3. Bf4 d5 4. Nd2 Nd6 5. e3 e6 6. Bd3 Nd7 7. Ngf3 f6 8. 0-0 c5 9. c3 c4 10. Bc2 f5 11. Ne5 Nxe5 12. dxe5 Nf7 13. f3 Bc5 14. Qe2 0-0 15. Kh1 g5 16. Bg3 Qb6 17. e4 Qxb2 18. Rac1 f4 19. exd5 exd5 20. Nxc4 Qb5 21. Qd3 Re8 22. Qxh7+ Kf8 23. Bg6 Qd7 24. e6 Rxe6 25. Rce1 Rxg6 26. Qxg6 dxc4 27. Bf2 Bxf2 28. Rxf2 Qf5 29. Qh5 Bd7 30. Rfe2 Re8 31. Rxe8+ Bxe8 32. h4 Bd7 33. Re4 b5 34. hxg5 Nxg5 35. Qh8+ Kf7 36. Rd4 Qb1+ 37. Kh2 Nxf3+ 38. gxf3 Qxa2+ 39. Kg1 Qb1+ 40. Kf2 Qc2+ 41. Kg1 Qc1+ 42. Kh2 Qc2+ 43. Kh1 Qf5 44. Kh2 a5 45. Qh6 Qc2+ 46. Kh1 Qb1+ 47. Kh2 Qc2+ 48. Kh1 Qb1+ 1/2-1/2

[Event "Munich-ch VM2"]
[Site "Munich"]
[Date "2003.01.31"]
[Round "4"]
[White "Frankl, Bernhard"]
[Black "Begna, Bozidar"]
[Result "1-0"]
[WhiteElo "2022"]
[BlackElo "1999"]
[PlyCount "137"]
[EventDate "2003.01.17"]
[EventType "tourn"]
[EventRounds "9"]
[EventCountry "GER"]
[SourceTitle "EXT 2006"]
[Source "ChessBase"]
[SourceDate "2005.11.24"]
[SourceVersion "1"]
[SourceVersionDate "2005.11.24"]
[SourceQuality "1"]

1. e4 Nf6 2. e5 Nd5 3. Nc3 Nxc3 4. dxc3 d6 5. Bf4 dxe5 6. Qxd8+ Kxd8 7. 0-0-0+ Bd7 8. Bxe5 f6 9. Bg3 e5 10. f4 exf4 11. Bxf4 Bc5 12. Nf3 Re8 13. Bd3 g6 14. Nd4 a5 15. h4 Na6 16. h5 g5 17. Bd2 h6 18. Bg6 Re5 19. Rhf1 Be7 20. Nf5 Bf8 21. Be3 c5 22. Bg1 Re2 23. Nd6 Rxg2 24. Nxb7+ Kc7 25. Be4 Re2 26. Bf3 Ree8 27. Bh2+ Kc8 28. Nxc5 Nxc5 29. Bxa8 f5 30. Rde1 f4 31. Bg1 Rxe1+ 32. Rxe1 g4 33. Bd5 f3 34. b4 axb4 35. cxb4 Na6 36. a3 Nc7 37. Be4 Nb5 38. Bc5 Bg7 39. a4 Nc3 40. a5 Nxe4 41. Rxe4 g3 42. Kd2 f2 43. Ke2 Bc3 44. Bxf2 Bb5+ 45. Kf3 gxf2 46. Kxf2 Kd7 47. Ke3 Kd6 48. Rg4 Ke5 49. Rg6 Bxb4 50. a6 Bd6 51. Rxh6 Bc5+ 52. Kd2 Kf5 53. Rg6 Be8 54. Rg7 Bxh5 55. a7 Bxa7 56. Rxa7 Ke6 57. Kc3 Kd6 58. Kd4 Bf3 59. Ra6+ Kc7 60. Kc5 Be4 61. c4 Bd3 62. Rf6 Be2 63. Rf7+ Kc8 64. Kc6 Kd8 65. c5 Bg4 66. Kd6 Ke8 67. Re7+ Kf8 68. Re1 Bh3 69. Kc7 1-0

[Event "Munich-ch VM2"]
[Site "Munich"]
[Date "2003.01.17"]
[Round "1"]
[White "Schmitzer, Peter"]
[Black "Frankl, Bernhard"]
[Result "1-0"]
[WhiteElo "1935"]
[BlackElo "2022"]
[PlyCount "115"]
[EventDate "2003.01.17"]
[EventType "tourn"]
[EventRounds "9"]
[EventCountry "GER"]
[SourceTitle "EXT 2006"]
[Source "ChessBase"]
[SourceDate "2005.11.24"]
[SourceVersion "1"]
[SourceVersionDate "2005.11.24"]
[SourceQuality "1"]

1. d4 Nf6 2. Bg5 h6 3. Bxf6 exf6 4. e4 d5 5. exd5 Qxd5 6. Nf3 Bb4+ 7. c3 Bd6 8. Be2 0-0 9. 0-0 c6 10. Nbd2 Bg4 11. h3 Bh5 12. Re1 Nd7 13. Bd3 Qa5 14. Qc2 Bxf3 15. Nxf3 Rae8 16. Re2 c5 17. Rae1 Rxe2 18. Qxe2 cxd4 19. cxd4 f5 20. Nh4 Nf6 21. Nxf5 Re8 22. Qxe8+ Nxe8 23. Rxe8+ Kh7 24. Nxd6+ g6 25. Re7 Qd5 26. Rxf7+ Kh8 27. Rd7 Qc6 28. Nf7+ Kg8 29. Ne5 Qc1+ 30. Bf1 Qxb2 31. Nxg6 Qxa2 32. Rxb7 Qc2 33. Ne5 a5 34. Bc4+ Kf8 35. Rf7+ Ke8 36. Bb5+ Kd8 37. Rd7+ Kc8 38. Ba6+ Kb8 39. d5 Qc1+ 40. Bf1 a4 41. g3 a3 42. Nc6+ Kc8 43. Ra7 a2 44. Rxa2 Kc7 45. Nb4 Qb1 46. Rc2+ Kd6 47. Rc4 h5 48. Kg2 Qd1 49. Rc6+ Ke5 50. Re6+ Kd4 51. d6 Kc3 52. Nd3 Qa4 53. Nc5 Qc6+ 54. Ne4+ Kd4 55. Re7 Qc8 56. Be2 h4 57. Bg4 Qd8 58. gxh4 1-0